| 000 | 00398nam a22001697a 4500 | ||
|---|---|---|---|
| 082 |
_aM 342.066 2 _bBIN/V |
||
| 100 | _aBinu D B | ||
| 245 |
_aVivaravakasha niyamam/ _cby Binu D B |
||
| 250 | _a7th. | ||
| 260 |
_aKochi: _bNiyamasameekha, _c2022. |
||
| 300 | _a672p. | ||
| 650 | _aRight to Information | ||
| 650 | _aPublic Records | ||
| 650 | _aLaw | ||
| 650 | _aSocial Sciences | ||
| 942 | _cBK | ||
| 999 |
_c174595 _d174595 |
||